| 000 | 00746nam a2200229Ia 4500 | ||
|---|---|---|---|
| 003 | GCL | ||
| 008 | 140319s9999 xx 000 0 ara d | ||
| 040 |
_aGCL / _cGCL |
||
| 082 | 0 | 4 |
_a791.43 _bط ت |
| 100 | 1 | _aطارق الشناوى | |
| 245 | 1 | 0 |
_aتحية كاريوكا فنانة لا تعرف المكياج / _cطارق الشناوى |
| 260 |
_a[S.N] : _bوزارة الثقافة صندوق التنمية الثقافية ، _c1993 |
||
| 300 | _a65 ص | ||
| 490 | _a | ||
| 650 | 0 | 4 | _aالتراجم |
| 650 | 0 | 4 | _aالافلام السينمائية |
| 650 | 0 | 4 | _aالسينما |
| 650 | 0 | 4 | _aالممثلون والممثلات |
| 650 | 0 | 4 | _aالتمثيل فى السينما |
| 650 | 0 | 4 | _aالجوائز |
| 942 |
_2ddc _cBK |
||
| 999 |
_c28552 _d28552 |
||